Social Security (Record no. 4132)

MARC details
000 -LEADER
fixed length control field 00320nam a22001337a 4500
008 - FIXED-LENGTH DATA ELEMENTS--GENERAL INFORMATION
fixed length control field 250704b |||||||| |||| 00| 0 eng d
100 ## - MAIN ENTRY--AUTHOR
Author MYERS Robert J.
245 ## - TITLE STATEMENT
Title Social Security
250 ## - EDITION STATEMENT
Edition statement 3
260 ## - PUBLICATION, DISTRIBUTION, ETC. (IMPRINT)
Place of publication United States
Name of publisher Mcchan Foundation
Date of publication 1985
300 ## - COLLATION
Pagination xxxvi, 964p.
942 ## - ADDED ENTRY ELEMENTS (KOHA)
Item type Books
050 ## - LIBRARY OF CONGRESS CALL NUMBER
Classification number HD7125
Item number .M94
Holdings
Source of classification or shelving scheme Not for loan Permanent location Current location Date acquired Accession No. Full call number Barcode. Koha item type
Library of Congress Classification   Samuel Ogbemudia Main Library, University of Abuja Samuel Ogbemudia Main Library, University of Abuja 07/04/2025 92/007332 HD7125.M94 2025-2869 Books